Children and young people at risk (Record no. 131280)
[ view plain ]
| 000 -LEADER | |
|---|---|
| fixed length control field | 01440nam a2200373 a 4500 |
| 245 00 - TITLE STATEMENT | |
| Title | Children and young people at risk |
| 260 ## - PUBLICATION, DISTRIBUTION, ETC. (IMPRINT) | |
| Place of publication | Thirroul, N.S.W. : |
| Name of publisher | Spinney Press, |
| Year of publication | 2011. |
| 300 ## - PHYSICAL DESCRIPTION | |
| Number of Pages | 60 p. : |
| Other physical details | col. ill. |
| 490 1# - SERIES STATEMENT | |
| Series statement | Issues in society ; |
| 650 #0 - SUBJECT ADDED ENTRY--TOPICAL TERM | |
| Topical Term | Child abuse |
| Topical Term | Abused children |
| Topical Term | Children |
| Topical Term | Youth |
| Topical Term | Social work with children |
| Topical Term | Social work with youth |
| 700 1# - ADDED ENTRY--PERSONAL NAME | |
| Personal name | Healey, Justin. |
| 856 40 - ELECTRONIC LOCATION AND ACCESS | |
| Uniform Resource Identifier | http://site.ebrary.com/lib/rucke/Doc?id=10500227 |
No items available.
